Statistics for Minecraft Mobs Quiz

Click here to take the quiz!

General Stats

  • This quiz has been taken 7 times
  • The average score is 41 of 63

Answer Stats

Mob Nature % Correct
PigPeaceful
100%
ChickenPeaceful
100%
HorsePeaceful
100%
CowPeaceful
100%
OcelotPeaceful
100%
CatPeaceful
100%
ZombieHostile
86%
WolfNeutral
86%
Zombie PigmanNeutral
86%
SheepPeaceful
86%
GhastHostile
86%
SkeletonHostile
86%
SpiderNeutral
86%
EndermanNeutral
86%
Ender DragonBoss
86%
MooshroomPeaceful
86%
WitchHostile
86%
DonkeyPeaceful
86%
WitherBoss
86%
VillagerPeaceful
86%
TurtlePeaceful
71%
Wither SkeletonHostile
71%
PufferfishDefensive
71%
PandaNeutral
71%
BatPeaceful
71%
LlamaNeutral
71%
BlazeHostile
71%
Cave SpiderNeutral
71%
CodPeaceful
71%
CreeperHostile
71%
DolphinNeutral
71%
Magma CubeHostile
57%
FoxPeaceful
57%
DrownedHostile
57%
EndermiteHostile
57%
Tropical FishPeaceful
57%
SquidPeaceful
57%
MulePeaceful
57%
SlimeHostile
57%
Snow GolemPeaceful
57%
Zombie VIllagerHostile
57%
Iron GolemNeutral
57%
GuardianHostile
57%
SalmonPeaceful
57%
ParrotPeaceful
57%
RabbitPeaceful
57%
Polar BearNeutral
57%
ShulkerHostile
57%
Wandering TraderPeaceful
43%
PhantomHostile
43%
BeeNeutral
43%
PillagerHostile
43%
SilverfishHostile
43%
VindicatorHostile
43%
Elder GuardianHostile
43%
HuskHostile
43%
RavagerHostile
43%
StrayHostile
29%
EvokerHostile
29%
Zombie HorsePeaceful
29%
Skeleton HorsePeaceful
29%
VexHostile
29%
Trader LlamaNeutral
14%

Score Distribution

Percentile by Number Answered

Percent of People with Each Score

Your Score History

You have not taken this quiz